| 000 | 00407nam a22001457a 4500 | ||
|---|---|---|---|
| 020 | _qPB. | ||
| 040 | _cFizza Ishaq | ||
| 082 |
_a624.151 _bGOP |
||
| 100 |
_aRanjan, Gopal. _9133627 |
||
| 245 |
_aBasic And Applied Soil Mechanics / _cGopal Ranjan. |
||
| 250 | _a3rd Ed. | ||
| 260 |
_aNew Delhi : _bNew Age International Publishers, _c2016. |
||
| 300 |
_a752 p. ; _c7.99 x 10 x 1.85 inches |
||
| 942 |
_2ddc _cBK |
||
| 999 |
_c616592 _d616592 |
||